[Event "I Open sub-2300 Ciudad de Albacete"]
[Site "Albacete ESP"]
[Date "2012.04.27"]
[Round "1.1"]
[White "Perez Martinez, Alejandro"]
[Black "Martin Rueda, Daniel"]
[Result "1-0"]
[WhiteElo "1947"]
[BlackElo "2289"]
[PlyCount "43"]
[EventDate "2012.04.27"]
[EventType "swiss"]
[EventRounds "9"]
[EventCountry "ESP"]
[Source "lmi"]
[SourceDate "2012.04.27"]

1. e4 c5 2. Nf3 e6 3. d4 cxd4 4. Nxd4 a6 5. Be3 b5 6. Be2 Bb7 7. Nd2 Nf6 8. Bf3
Qc7 9. O-O d5 10. exd5 Nxd5 11. Re1 Be7 12. Rc1 Nxe3 13. Rxe3 O-O 14. c4 Rd8
15. cxb5 Bxf3 16. N2xf3 Qa5 17. Qb3 axb5 18. Nxe6 Nd7 19. Nxd8 Bxd8 20. Re8+
Nf8 21. Ne5 Qa7 22. Qb4 1-0

[Event "I Open sub-2300 Ciudad de Albacete"]
[Site "Albacete ESP"]
[Date "2012.04.27"]
[Round "1.2"]
[White "Jimenez Martinez, Jose Vicente"]
[Black "Moya Albaladejo, Jose Amtonio"]
[Result "1-0"]
[WhiteElo "2276"]
[BlackElo "1940"]
[PlyCount "83"]
[EventDate "2012.04.27"]
[EventType "swiss"]
[EventRounds "9"]
[EventCountry "ESP"]
[Source "lmi"]
[SourceDate "2012.04.27"]

1. d4 Nf6 2. c4 e6 3. Nf3 b6 4. a3 Bb7 5. Nc3 d5 6. Bg5 Be7 7. e3 h6 8. Bh4 O-O
9. Qc2 Nbd7 10. cxd5 exd5 11. Bd3 c5 12. O-O Re8 13. Rae1 Ne4 14. Nxe4 dxe4 15.
Bxe4 Bxe4 16. Qxe4 Bxh4 17. Qxh4 Qxh4 18. Nxh4 cxd4 19. exd4 Nf6 20. Nf3 Rxe1
21. Rxe1 Rc8 22. h3 Rc2 23. b4 Ra2 24. Re3 Kf8 25. Ne5 Rc2 26. g3 g6 27. Rd3
Ke7 28. d5 Ne8 29. Nc6+ Kd7 30. Nxa7 Nd6 31. Nc6 Re2 32. Kf1 Re8 33. a4 Ra8 34.
a5 bxa5 35. bxa5 Kc7 36. Re3 Re8 37. Rxe8 Nxe8 38. Ne5 Nd6 39. Ke2 g5 40. Kd3
f5 41. Kd4 Ne4 42. g4 1-0

[Event "I Open sub-2300 Ciudad de Albacete"]
[Site "Albacete ESP"]
[Date "2012.04.27"]
[Round "1.3"]
[White "Lopez Coromines, Albert"]
[Black "Bermejo Martinez, Jorge"]
[Result "0-1"]
[WhiteElo "1928"]
[BlackElo "2267"]
[PlyCount "88"]
[EventDate "2012.04.27"]
[EventType "swiss"]
[EventRounds "9"]
[EventCountry "ESP"]
[Source "lmi"]
[SourceDate "2012.04.27"]

1. e4 c5 2. Nf3 g6 3. d4 cxd4 4. Nxd4 Bg7 5. Nc3 Nc6 6. Be3 Nf6 7. Be2 O-O 8.
O-O d6 9. Kh1 Bd7 10. Nb3 Rb8 11. a4 Rc8 12. f3 a5 13. Nb5 Be6 14. N3d4 Nxd4
15. Bxd4 Bc4 16. Bxc4 Rxc4 17. b3 Rc8 18. Na7 Ra8 19. c4 Rxa7 20. Bxa7 b6 21.
e5 Nd7 22. exd6 Bxa1 23. dxe7 Qxe7 24. Re1 Qb4 25. Qxa1 Ra8 26. Bxb6 Qxb6 27.
h3 Qxb3 28. Qd1 Qxd1 29. Rxd1 Nc5 30. Kg1 Nxa4 31. Ra1 Nc5 32. Kf2 a4 33. Ke2
Rd8 34. Ra3 Rd4 35. Rc3 Rd7 36. Ke3 f5 37. Ra3 Kf7 38. h4 f4+ 39. Kxf4 Rd4+ 40.
Ke5 Rd3 41. Ra2 a3 42. f4 Na6 43. Ke4 Nb4 44. Ra1 Rb3 0-1

[Event "I Open sub-2300 Ciudad de Albacete"]
[Site "Albacete ESP"]
[Date "2012.04.27"]
[Round "1.4"]
[White "Lara Lopez, Jose"]
[Black "Bas Mas, Miguel"]
[Result "1-0"]
[WhiteElo "2265"]
[BlackElo "1922"]
[PlyCount "55"]
[EventDate "2012.04.27"]
[EventType "swiss"]
[EventRounds "9"]
[EventCountry "ESP"]
[Source "lmi"]
[SourceDate "2012.04.27"]

1. e4 c5 2. Nc3 e6 3. g3 Nc6 4. Bg2 d6 5. d3 Be7 6. f4 Nf6 7. Nf3 O-O 8. O-O
Rb8 9. h3 b5 10. g4 b4 11. Ne2 Qb6 12. Be3 d5 13. g5 Nd7 14. exd5 exd5 15. Ng3
Re8 16. Qd2 Nf8 17. Nh4 d4 18. Bf2 Qc7 19. Ne4 Ng6 20. f5 Nxh4 21. Bxh4 Bd6 22.
g6 hxg6 23. fxg6 f5 24. Ng5 Ne7 25. Qe2 Be5 26. Qh5 Bf6 27. Rae1 Bxg5 28. Bd5+
1-0

[Event "I Open sub-2300 Ciudad de Albacete"]
[Site "Albacete ESP"]
[Date "2012.04.27"]
[Round "1.5"]
[White "Gutierrez Leon, Cristobal"]
[Black "Ivanov, Stojan Emilov"]
[Result "1/2-1/2"]
[WhiteElo "1914"]
[BlackElo "2264"]
[PlyCount "145"]
[EventDate "2012.04.27"]
[EventType "swiss"]
[EventRounds "9"]
[EventCountry "ESP"]
[Source "lmi"]
[SourceDate "2012.04.27"]

1. Nf3 c5 2. b3 Nc6 3. Bb2 Nf6 4. g3 g6 5. Bg2 Bg7 6. O-O O-O 7. d3 d5 8. Nbd2
b6 9. Ne5 Bb7 10. Nxc6 Bxc6 11. c4 Rc8 12. cxd5 Bxd5 13. Nf3 Qd7 14. Qd2 Rfd8
15. Rfd1 Ba8 16. Rac1 Qg4 17. Rc4 Qe6 18. Ng5 Qd6 19. Bxa8 Rxa8 20. Bxf6 exf6
21. Nf3 f5 22. a4 Rd7 23. Rdc1 Re8 24. Kf1 Rde7 25. Re1 Qd5 26. h4 a6 27. b4
cxb4 28. Qxb4 Re6 29. Rc2 Bf8 30. Qc4 Qb7 31. Rb1 Qe7 32. Rbb2 Bg7 33. Ra2 Qb7
34. Qc7 Qd5 35. Qc4 Qa8 36. Kg1 h6 37. Qf4 Qd5 38. Qc4 Qxc4 39. dxc4 Rc6 40. a5
Rb8 41. axb6 Rbxb6 42. Ra4 Bf6 43. e3 Rb1+ 44. Kg2 Rd1 45. Rca2 Kg7 46. Rxa6
Rxc4 47. R6a4 Rcc1 48. Rd2 Rxd2 49. Nxd2 g5 50. hxg5 hxg5 51. g4 fxg4 52. Rxg4
Be7 53. Rc4 Ra1 54. Nf3 f6 55. Nd4 Kg6 56. Kf3 Bd6 57. Rc8 Rg1 58. Ke2 Rb1 59.
Kf3 Be5 60. Nc6 Bd6 61. Nd4 Kf7 62. Rh8 Be5 63. Nf5 Ke6 64. Ng7+ Kd7 65. Nf5
Rg1 66. Rg8 Ke6 67. Ng3 Kf7 68. Ra8 Kg6 69. Ra6 Bxg3 70. fxg3 Rf1+ 71. Kg2 Re1
72. Kf2 Rb1 73. g4 1/2-1/2

[Event "I Open sub-2300 Ciudad de Albacete"]
[Site "Albacete ESP"]
[Date "2012.04.27"]
[Round "1.6"]
[White "Gavilan Diaz, Mario"]
[Black "Lopez Mulet, Iñigo"]
[Result "1-0"]
[WhiteElo "2256"]
[BlackElo "1913"]
[PlyCount "49"]
[EventDate "2012.04.27"]
[EventType "swiss"]
[EventRounds "9"]
[EventCountry "ESP"]
[Source "lmi"]
[SourceDate "2012.04.27"]

1. d4 Nf6 2. c4 c5 3. d5 b5 4. cxb5 a6 5. b6 e6 6. Nc3 exd5 7. Nxd5 Nxd5 8.
Qxd5 Nc6 9. Nf3 Rb8 10. e4 Rxb6 11. Bc4 Qe7 12. O-O d6 13. Bg5 Qc7 14. Rfe1 Be6
15. Qd3 Bxc4 16. Qxc4 h6 17. Bf4 g5 18. Bg3 Bg7 19. Rad1 Ne7 20. e5 d5 21. e6
Qc6 22. exf7+ Kxf7 23. Qg4 Rb4 24. Qh5+ Qg6 25. Rxe7+ 1-0

[Event "I Open sub-2300 Ciudad de Albacete"]
[Site "Albacete ESP"]
[Date "2012.04.27"]
[Round "1.7"]
[White "Corredor San Jose, Antonio"]
[Black "Fernandez Pena, Pere Emilio"]
[Result "0-1"]
[WhiteElo "1909"]
[BlackElo "2241"]
[PlyCount "106"]
[EventDate "2012.04.27"]
[EventType "swiss"]
[EventRounds "9"]
[EventCountry "ESP"]
[Source "lmi"]
[SourceDate "2012.04.27"]

1. e4 e5 2. Nf3 Nc6 3. Bb5 a6 4. Bxc6 dxc6 5. O-O f6 6. d4 exd4 7. Nxd4 c5 8.
Nb3 Qxd1 9. Rxd1 Bg4 10. f3 Be6 11. Bf4 c4 12. Nd4 O-O-O 13. Nc3 Bf7 14. Nf5
Rxd1+ 15. Rxd1 Ne7 16. Ne3 Ng6 17. Bg3 Bc5 18. Bf2 Ne7 19. Kf1 Bd6 20. Ned5 b5
21. Nxe7+ Bxe7 22. Nd5 Bd6 23. c3 Rd8 24. Ke2 Bf8 25. Ne3 Rxd1 26. Kxd1 Be6 27.
g4 Bd6 28. h3 Kd7 29. Nc2 c5 30. a3 Kc6 31. Kd2 a5 32. Be3 b4 33. cxb4 cxb4 34.
Nd4+ Kd7 35. Nxe6 Kxe6 36. a4 Kd7 37. Bb6 Bc7 38. Bc5 Kc6 39. Bf8 g6 40. Be7
Be5 41. Kc2 Kd7 42. Bc5 Ke6 43. Bb6 b3+ 44. Kc1 c3 45. bxc3 Bxc3 46. Bc7 Kd7
47. Bb6 Kc6 48. Be3 g5 49. f4 gxf4 50. Bxf4 Kc5 51. g5 Kb4 52. h4 Kxa4 53. e5
fxe5 0-1

[Event "I Open sub-2300 Ciudad de Albacete"]
[Site "Albacete ESP"]
[Date "2012.04.27"]
[Round "1.8"]
[White "Sanchez Botella, Luis Javier"]
[Black "Salvado Obrero, Ivan"]
[Result "1-0"]
[WhiteElo "2241"]
[BlackElo "1906"]
[PlyCount "59"]
[EventDate "2012.04.27"]
[EventType "swiss"]
[EventRounds "9"]
[EventCountry "ESP"]
[Source "lmi"]
[SourceDate "2012.04.27"]

1. d4 Nf6 2. c4 e6 3. Nf3 b6 4. g3 Ba6 5. b3 Bb4+ 6. Bd2 Be7 7. Nc3 c6 8. e4 d5
9. e5 Nfd7 10. cxd5 cxd5 11. Nb5 Bxb5 12. Bxb5 a6 13. Bd3 Nc6 14. Rc1 Nb4 15.
Bb1 Rc8 16. O-O O-O 17. Re1 Rxc1 18. Bxc1 Qc7 19. a3 Nc6 20. Qd3 g6 21. h4 Ra8
22. h5 Nf8 23. Kg2 Ra7 24. Rh1 Bd8 25. Ng5 Na5 26. hxg6 fxg6 27. Nxh7 Nxh7 28.
Qxg6+ Qg7 29. Qxe6+ Qf7 30. Bxh7+ 1-0

[Event "I Open sub-2300 Ciudad de Albacete"]
[Site "Albacete ESP"]
[Date "2012.04.27"]
[Round "1.9"]
[White "Santamaria Baeza, Adolfo"]
[Black "Sanchez Jerez, Emilio Miguel"]
[Result "0-1"]
[WhiteElo "1905"]
[BlackElo "2234"]
[PlyCount "76"]
[EventDate "2012.04.27"]
[EventType "swiss"]
[EventRounds "9"]
[EventCountry "ESP"]
[Source "lmi"]
[SourceDate "2012.04.27"]

1. e4 Nc6 2. d4 d5 3. e5 Bf5 4. Nf3 f6 5. Nh4 Be6 6. f4 Qd7 7. Bd3 Bg4 8. Qd2
g5 9. fxg5 fxg5 10. Nf3 Bxf3 11. gxf3 Qh3 12. Qf2 Bh6 13. Nc3 O-O-O 14. Be3 Nb4
15. Bf1 Qf5 16. O-O-O e6 17. a3 Nc6 18. Bb5 Nce7 19. Bd3 Qf7 20. h4 g4 21. Bxh6
Nxh6 22. f4 Nhf5 23. Ne2 Rhg8 24. h5 g3 25. Qe1 g2 26. Rg1 Qxh5 27. Qa5 Kb8 28.
Qc5 Qf3 29. Kb1 h5 30. Nc3 b6 31. Qb5 Nxd4 32. Qa6 Qxf4 33. Bh7 Rg7 34. Rxd4
Qxd4 35. Nb5 Qxg1+ 36. Ka2 Nc8 37. c3 Rxh7 38. Nd4 Qxd4 0-1

[Event "I Open sub-2300 Ciudad de Albacete"]
[Site "Albacete ESP"]
[Date "2012.04.28"]
[Round "2.1"]
[White "Martinez Lopez, Jaime"]
[Black "Jimenez Martinez, Jose Vicente"]
[Result "0-1"]
[WhiteElo "2099"]
[BlackElo "2276"]
[PlyCount "94"]
[EventDate "2012.04.27"]
[EventType "swiss"]
[EventRounds "9"]
[EventCountry "ESP"]
[Source "lmi"]
[SourceDate "2012.04.27"]

1. Nf3 g6 2. g3 Bg7 3. Bg2 Nf6 4. O-O O-O 5. c4 d6 6. Nc3 e5 7. d4 Nc6 8. dxe5
Nxe5 9. Nxe5 dxe5 10. Qxd8 Rxd8 11. Bg5 Rd4 12. b3 c6 13. Be3 Rd8 14. Rad1 Re8
15. Bc5 Bf8 16. Bd6 Bxd6 17. Rxd6 Be6 18. Rfd1 Re7 19. Na4 Nd7 20. h4 Rae8 21.
Kh2 Kg7 22. Bh3 Bxh3 23. Kxh3 Nf6 24. f3 e4 25. f4 h5 26. Kg2 Ng4 27. R1d2 Ne3+
28. Kh3 Ng4 29. Rd7 Nf6 30. R7d6 e3 31. R2d4 Ne4 32. Rd8 Rxd8 33. Rxd8 b5 34.
cxb5 cxb5 35. Nb2 Nc3 36. Kg2 Nxe2 37. Rd5 Nc3 38. Re5 Rxe5 39. fxe5 Nxa2 40.
Nd3 Nc3 41. Kf3 e2 42. Ke3 a5 43. Kd4 b4 44. Ne1 Kf8 45. Nf3 Ke7 46. Ke3 a4 47.
bxa4 b3 0-1

[Event "I Open sub-2300 Ciudad de Albacete"]
[Site "Albacete ESP"]
[Date "2012.04.28"]
[Round "2.2"]
[White "Bermejo Martinez, Jorge"]
[Black "Picazo Lopez, Ignacio"]
[Result "1-0"]
[WhiteElo "2267"]
[BlackElo "2093"]
[PlyCount "69"]
[EventDate "2012.04.27"]
[EventType "swiss"]
[EventRounds "9"]
[EventCountry "ESP"]
[Source "lmi"]
[SourceDate "2012.04.27"]

1. d4 d5 2. c4 e6 3. Nc3 Nf6 4. cxd5 exd5 5. Bg5 Be7 6. e3 c6 7. Qc2 O-O 8. Bd3
g6 9. Nf3 Na6 10. a3 Nc7 11. O-O Ne6 12. Bh4 Ng7 13. Qb3 Re8 14. Ne5 Qb6 15.
Qc2 Bf5 16. b4 Ng4 17. Nxg4 Bxg4 18. Bxe7 Rxe7 19. b5 Rc8 20. Qa4 Be6 21. Qb4
c5 22. dxc5 Qxc5 23. Ne2 Rec7 24. Rfd1 Bf5 25. Bxf5 Nxf5 26. Nf4 d4 27. e4 Qe5
28. exf5 Qxf4 29. fxg6 hxg6 30. g3 Qf5 31. Rxd4 Rc2 32. Rf1 Qf3 33. Rf4 Qd5 34.
Qd4 Qxb5 35. Rh4 1-0

[Event "I Open sub-2300 Ciudad de Albacete"]
[Site "Albacete ESP"]
[Date "2012.04.28"]
[Round "2.4"]
[White "Aymerich Rosell, Pablo"]
[Black "Gavilan Diaz, Mario"]
[Result "0-1"]
[WhiteElo "2088"]
[BlackElo "2256"]
[PlyCount "82"]
[EventDate "2012.04.27"]
[EventType "swiss"]
[EventRounds "9"]
[EventCountry "ESP"]
[Source "lmi"]
[SourceDate "2012.04.27"]

1. d4 d5 2. c4 c6 3. Nf3 Nf6 4. e3 e6 5. b3 Nbd7 6. Bb2 Bd6 7. Bd3 O-O 8. O-O
b6 9. Nbd2 Bb7 10. e4 dxe4 11. Nxe4 Nxe4 12. Bxe4 Nf6 13. Bc2 c5 14. Re1 Bxf3
15. Qxf3 cxd4 16. h4 e5 17. Rad1 Re8 18. Bc1 Nd7 19. Be4 Rc8 20. h5 h6 21. g4
Rc7 22. Qf5 Nf8 23. g5 hxg5 24. Bxg5 Be7 25. Bc1 Bb4 26. Re2 Qf6 27. Qg4 Ne6
28. Rd3 Nf4 29. Bxf4 exf4 30. f3 Kf8 31. Rg2 a5 32. Kf1 a4 33. Qg5 Qxg5 34.
Rxg5 axb3 35. axb3 Rc5 36. Bd5 Re1+ 37. Kf2 Ra5 38. Kg2 Ra2+ 39. Kh3 f6 40. Rg6
f5 41. Kh4 Be7+ 0-1

[Event "I Open sub-2300 Ciudad de Albacete"]
[Site "Albacete ESP"]
[Date "2012.04.28"]
[Round "2.5"]
[White "Fernandez Pena, Pere Emilio"]
[Black "Gomez Peco, David"]
[Result "0-1"]
[WhiteElo "2241"]
[BlackElo "2067"]
[PlyCount "66"]
[EventDate "2012.04.27"]
[EventType "swiss"]
[EventRounds "9"]
[EventCountry "ESP"]
[Source "lmi"]
[SourceDate "2012.04.27"]

1. d4 Nf6 2. Nf3 g6 3. Bg5 Bg7 4. Nbd2 d6 5. e4 h6 6. Bh4 g5 7. Bg3 Nh5 8. c3
e6 9. Bd3 Nd7 10. Qe2 Nxg3 11. hxg3 b6 12. Nc4 Bb7 13. O-O Qe7 14. a4 a6 15.
Nfd2 h5 16. f4 h4 17. gxh4 gxf4 18. Rxf4 Bh6 19. Rf3 f5 20. exf5 Bxf3 21. Qxf3
d5 22. g3 O-O-O 23. Ne3 Kb7 24. Ndf1 c6 25. b4 Rdg8 26. fxe6 Bxe3+ 27. Qxe3 Nf6
28. b5 Rxh4 29. bxc6+ Ka7 30. Be2 Ne4 31. Qd3 Qc7 32. Qxa6+ Kb8 33. Rb1 Rxg3+
0-1

[Event "I Open sub-2300 Ciudad de Albacete"]
[Site "Albacete ESP"]
[Date "2012.04.28"]
[Round "2.6"]
[White "Lara Granero, Bio"]
[Black "Sanchez Botella, Luis Javier"]
[Result "0-1"]
[WhiteElo "2058"]
[BlackElo "2241"]
[PlyCount "68"]
[EventDate "2012.04.27"]
[EventType "swiss"]
[EventRounds "9"]
[EventCountry "ESP"]
[Source "lmi"]
[SourceDate "2012.04.27"]

1. e4 c5 2. Nf3 e6 3. d4 cxd4 4. Nxd4 a6 5. c4 Qc7 6. Nc3 Nf6 7. Bd3 Be7 8. O-O
d6 9. f4 Nbd7 10. Be3 b6 11. Rc1 Bb7 12. b4 O-O 13. a3 Rac8 14. g4 g6 15. f5
exf5 16. gxf5 Ne5 17. Nd5 Nxd5 18. cxd5 Qd8 19. Rxc8 Bxc8 20. Nc6 Nxc6 21. dxc6
d5 22. Qf3 dxe4 23. Bxe4 Bg5 24. Bf2 Re8 25. fxg6 hxg6 26. h4 Bf6 27. Kg2 Kg7
28. Be1 Qd4 29. Qxf6+ Qxf6 30. Rxf6 Kxf6 31. Kf3 Bf5 32. Bc3+ Ke6 33. Bxf5+
Kxf5 34. b5 axb5 0-1

[Event "I Open sub-2300 Ciudad de Albacete"]
[Site "Albacete ESP"]
[Date "2012.04.28"]
[Round "2.7"]
[White "Sanchez Jerez, Emilio Miguel"]
[Black "Plaza Agudo, Juan Francisco"]
[Result "1/2-1/2"]
[WhiteElo "2234"]
[BlackElo "2041"]
[PlyCount "126"]
[EventDate "2012.04.27"]
[EventType "swiss"]
[EventRounds "9"]
[EventCountry "ESP"]
[Source "lmi"]
[SourceDate "2012.04.27"]

1. e4 c6 2. d4 d5 3. f3 e6 4. Nc3 Nf6 5. e5 Nfd7 6. f4 c5 7. Nf3 Nc6 8. Be3 Be7
9. Qd2 a6 10. Be2 b5 11. O-O cxd4 12. Nxd4 Nxd4 13. Bxd4 g6 14. Nd1 Bc5 15. c3
Qb6 16. b4 Bxd4+ 17. cxd4 Bb7 18. Kh1 Rc8 19. Ne3 h5 20. a4 bxa4 21. Rxa4 Nb8
22. Rfa1 Rc7 23. Ra5 f6 24. exf6 Kf7 25. g4 Rc4 26. Bxc4 dxc4+ 27. Kg1 hxg4 28.
Nxg4 Rh4 29. Ne5+ Kxf6 30. Nd7+ Nxd7 31. Rg5 Qc6 32. d5 Qb6+ 33. Kf1 Bxd5 34.
Re1 c3 35. Qxc3+ Kf7 36. Qg3 Bc4+ 37. Kg2 Qc6+ 38. Kf2 Qb6+ 39. Kg2 Qc6+ 40.
Kf2 Qb6+ 41. Re3 Rh6 42. h4 Nf6 43. Rc5 Bd5 44. f5 Ne4+ 45. Rxe4 Bxe4 46. Qf4
Rh5 47. fxg6+ Ke7 48. Qf7+ Kd6 49. Qf4+ Ke7 50. Qxe4 Rxc5 51. bxc5 Qxc5+ 52.
Kg3 Qf5 53. Qb7+ Kf8 54. h5 Qg5+ 55. Kf2 Qf5+ 56. Ke3 Qe5+ 57. Kd3 Qg3+ 58. Kc4
Qh4+ 59. Kb3 Qh3+ 60. Kc4 Qg4+ 61. Kd3 Qh3+ 62. Kd2 Qh2+ 63. Ke3 Qe5+ 1/2-1/2

[Event "I Open sub-2300 Ciudad de Albacete"]
[Site "Albacete ESP"]
[Date "2012.04.28"]
[Round "2.8"]
[White "Cabello Rodriguez, Sandro"]
[Black "Serna Lara, Sergio"]
[Result "0-1"]
[WhiteElo "2044"]
[BlackElo "2228"]
[PlyCount "88"]
[EventDate "2012.04.27"]
[EventType "swiss"]
[EventRounds "9"]
[EventCountry "ESP"]
[Source "lmi"]
[SourceDate "2012.04.27"]

1. c4 c6 2. Nf3 d5 3. e3 Nf6 4. Nc3 g6 5. d4 Bg7 6. Bd3 O-O 7. O-O Bg4 8. h3
Bxf3 9. Qxf3 e6 10. Bd2 Nbd7 11. cxd5 exd5 12. b4 a6 13. a4 b5 14. axb5 axb5
15. Rfd1 Nb6 16. Ra5 Qe7 17. Be1 Rfe8 18. Rda1 Rab8 19. Qe2 Bf8 20. Qc2 Qe6 21.
Nd1 Nc4 22. Ra6 Qd7 23. Qa2 Bd6 24. Bxc4 dxc4 25. Bc3 Nd5 26. Rb1 Rbc8 27. Qc2
Qe7 28. Qd2 f5 29. Qe1 f4 30. Bd2 f3 31. g3 Qd7 32. Kh2 Qf5 33. Nc3 Nf6 34. Rb2
Qh5 35. Qf1 Qf5 36. Qb1 Qd7 37. e4 Bb8 38. e5 Qxd4 39. Bf4 Qxc3 40. Rc2 Qd3 41.
exf6 Bxf4 42. Ra7 Rc7 43. Qa2 Qf1 44. f7+ Kxf7 0-1

[Event "I Open sub-2300 Ciudad de Albacete"]
[Site "Albacete ESP"]
[Date "2012.04.28"]
[Round "2.9"]
[White "Bas Mas, Jose Joaquin"]
[Black "Codina Tormo, Julia"]
[Result "1-0"]
[WhiteElo "2227"]
[BlackElo "2012"]
[PlyCount "111"]
[EventDate "2012.04.27"]
[EventType "swiss"]
[EventRounds "9"]
[EventCountry "ESP"]
[Source "lmi"]
[SourceDate "2012.04.27"]

1. e4 c5 2. Nf3 a6 3. c4 e6 4. Nc3 d6 5. d4 cxd4 6. Nxd4 Nf6 7. Be2 b6 8. O-O
Bb7 9. f3 Be7 10. Be3 O-O 11. Qd2 Nbd7 12. Rac1 Rc8 13. a3 Qc7 14. Rfd1 Qb8 15.
Kh1 Bd8 16. Rc2 Bc7 17. Bg1 Qa8 18. b4 Rfe8 19. Nb3 Rcd8 20. Bf1 Ne5 21. Na4
Nfd7 22. Qf2 Bc6 23. Nc3 Nf6 24. Nd4 Bb7 25. Na4 Qb8 26. Rdc1 Re7 27. Nb3 Nfd7
28. Nc3 Nf6 29. a4 d5 30. exd5 exd5 31. c5 bxc5 32. bxc5 Nc6 33. Ne2 Qc8 34.
Ned4 Be5 35. Qd2 Qd7 36. Nxc6 Bxc6 37. a5 d4 38. Bxa6 d3 39. Ra2 Qf5 40. Rd1
Red7 41. Bc4 Nh5 42. Be3 Ng3+ 43. hxg3 Qh5+ 44. Kg1 Bxg3 45. Bf2 Qh2+ 46. Kf1
Bf4 47. Bg1 Qg3 48. Qf2 Qg5 49. a6 Re8 50. a7 Rde7 51. g4 h5 52. Bxd3 hxg4 53.
Nd4 g3 54. Qg2 Qe5 55. Qh3 g6 56. Nxc6 1-0

[Event "I Open sub-2300 Ciudad de Albacete"]
[Site "Albacete ESP"]
[Date "2012.04.28"]
[Round "2.10"]
[White "Aledo Lopez, Angel"]
[Black "Peña Riasco, Alexander"]
[Result "0-1"]
[WhiteElo "2041"]
[BlackElo "2219"]
[PlyCount "130"]
[EventDate "2012.04.27"]
[EventType "swiss"]
[EventRounds "9"]
[EventCountry "ESP"]
[Source "lmi"]
[SourceDate "2012.04.27"]

1. Nf3 d5 2. g3 Nf6 3. Bg2 Bf5 4. d3 h6 5. O-O e6 6. c4 c6 7. Nbd2 Be7 8. b3
O-O 9. Bb2 Nbd7 10. Re1 Bh7 11. h3 Qa5 12. a3 Rfc8 13. e4 dxe4 14. dxe4 Rd8 15.
Qe2 Nf8 16. b4 Qa4 17. Rac1 a5 18. b5 cxb5 19. cxb5 Rac8 20. b6 N6d7 21. Rc4
Rxc4 22. Nxc4 Bc5 23. Rb1 Nxb6 24. Nxb6 Bxb6 25. Nh4 Qb3 26. Kh2 Bd4 27. Qd1
Qxd1 28. Rxd1 Bf6 29. Rxd8 Bxd8 30. e5 b5 31. Bc6 b4 32. axb4 axb4 33. Ba4 Ng6
34. Nf3 Ne7 35. Nd4 Bb6 36. f4 Be4 37. g4 Bb7 38. Kg3 Nd5 39. Bb3 Nc3 40. Bxc3
bxc3 41. Nb5 Ba5 42. Nd6 Ba6 43. Bc2 Bb6 44. Kf3 Kf8 45. Ke4 g5 46. fxg5 hxg5
47. Kf3 Bd4 48. Ke4 Bc5 49. Ba4 Bf1 50. Bd1 f6 51. Bb3 Bxd6 52. exd6 Bxh3 53.
Kd4 Bxg4 54. Kxc3 e5 55. Kd3 Bf3 56. Be6 Ke8 57. Ke3 Bc6 58. Bf5 Kd8 59. Be6
Bd7 60. Bd5 f5 61. Kf3 Kc8 62. Ke3 Kb8 63. Kd3 Ka7 64. Kc4 Kb6 65. Bf7 Kc6 0-1

[Event "I Open sub-2300 Ciudad de Albacete"]
[Site "Albacete ESP"]
[Date "2012.04.28"]
[Round "3.1"]
[White "Jimenez Martinez, Jose Vicente"]
[Black "Picazo Lopez, Juan Antonio"]
[Result "1/2-1/2"]
[WhiteElo "2276"]
[BlackElo "2169"]
[PlyCount "39"]
[EventDate "2012.04.27"]
[EventType "swiss"]
[EventRounds "9"]
[EventCountry "ESP"]
[Source "lmi"]
[SourceDate "2012.04.27"]

1. d4 d5 2. c4 e6 3. Nf3 Nf6 4. Nc3 Be7 5. Bf4 O-O 6. e3 c5 7. cxd5 Nxd5 8.
Nxd5 Qxd5 9. a3 cxd4 10. Qxd4 Nc6 11. Qxd5 exd5 12. Bd3 Bf6 13. Rb1 Bg4 14. Ng5
Bxg5 15. Bxg5 Ne5 16. Be2 Be6 17. O-O f6 18. Bf4 Rac8 19. Rfd1 Rc2 20. Bg5
1/2-1/2

[Event "I Open sub-2300 Ciudad de Albacete"]
[Site "Albacete ESP"]
[Date "2012.04.28"]
[Round "3.2"]
[White "Sos Andreu, Eric"]
[Black "Bermejo Martinez, Jorge"]
[Result "1/2-1/2"]
[WhiteElo "2143"]
[BlackElo "2267"]
[PlyCount "33"]
[EventDate "2012.04.27"]
[EventType "swiss"]
[EventRounds "9"]
[EventCountry "ESP"]
[Source "lmi"]
[SourceDate "2012.04.27"]

1. d4 g6 2. c4 Bg7 3. Nf3 d6 4. e4 Nc6 5. Be2 e5 6. d5 Nd4 7. Nxd4 exd4 8. O-O
c5 9. f4 Ne7 10. Bd3 O-O 11. f5 f6 12. g4 Bd7 13. Bf4 Qc7 14. Nd2 a6 15. Rb1
Rab8 16. Qe1 g5 17. Bg3 1/2-1/2

[Event "I Open sub-2300 Ciudad de Albacete"]
[Site "Albacete ESP"]
[Date "2012.04.28"]
[Round "3.3"]
[White "Lara Lopez, Jose"]
[Black "Rodriguez Valencoso, Juan Carlos"]
[Result "1/2-1/2"]
[WhiteElo "2265"]
[BlackElo "2160"]
[PlyCount "112"]
[EventDate "2012.04.27"]
[EventType "swiss"]
[EventRounds "9"]
[EventCountry "ESP"]
[Source "lmi"]
[SourceDate "2012.04.27"]

1. e4 e6 2. Nf3 c5 3. Nc3 a6 4. g3 Nc6 5. Bg2 d6 6. O-O Nf6 7. d4 cxd4 8. Nxd4
Bd7 9. a4 Na5 10. b3 Qc7 11. Bb2 Be7 12. Kh1 Nc6 13. f4 h5 14. h3 Rd8 15. Qd3
Nxd4 16. Qxd4 Bc6 17. Rae1 b6 18. Re2 Qb7 19. b4 b5 20. axb5 axb5 21. f5 e5 22.
Qe3 Nd7 23. Nb1 Nb6 24. Nd2 f6 25. Ree1 d5 26. c3 dxe4 27. Nxe4 Nc4 28. Qe2 Qb6
29. Bc1 Kf7 30. h4 Qb7 31. Bf3 Kf8 32. Kh2 Qc7 33. Be3 Be8 34. Bc5 Bf7 35. Rd1
Bxc5 36. Nxc5 Ke7 37. Kh3 Rxd1 38. Rxd1 Rd8 39. Ne6 Bxe6 40. fxe6 Rxd1 41. Qxd1
Qd6 42. Bxh5 Qxe6+ 43. Kh2 e4 44. Be2 Qe5 45. Bxc4 bxc4 46. Qe1 e3 47. Kg1 Ke6
48. b5 Qxb5 49. Qxe3+ Qe5 50. Qb6+ Kf7 51. Qb7+ Kg6 52. Qf3 Qe1+ 53. Kg2 Qd2+
54. Kf1 Qc1+ 55. Kg2 Qd2+ 56. Kf1 Qd1+ 1/2-1/2

[Event "I Open sub-2300 Ciudad de Albacete"]
[Site "Albacete ESP"]
[Date "2012.04.28"]
[Round "3.4"]
[White "Gavilan Diaz, Mario"]
[Black "Uran Bermudez, Oliver Kevin"]
[Result "1-0"]
[WhiteElo "2256"]
[BlackElo "2157"]
[PlyCount "83"]
[EventDate "2012.04.27"]
[EventType "swiss"]
[EventRounds "9"]
[EventCountry "ESP"]
[Source "lmi"]
[SourceDate "2012.04.27"]

1. d4 c6 2. c4 d6 3. Nc3 Nf6 4. e4 e5 5. Nf3 Nbd7 6. Be2 Be7 7. O-O O-O 8. Re1
a6 9. h3 Re8 10. Bf1 Qc7 11. Be3 Nf8 12. Qc2 Ng6 13. Rad1 Bd7 14. dxe5 dxe5 15.
Na4 c5 16. Nc3 Bc6 17. Nd5 Bxd5 18. cxd5 b5 19. b3 Bd6 20. a4 Qb7 21. Ra1 Rec8
22. Nd2 Nd7 23. Ra2 Ne7 24. Rea1 b4 25. Nc4 Qc7 26. a5 Rf8 27. Rc1 Nc8 28. Qd3
Rd8 29. Be2 Bf8 30. Bg4 Nd6 31. Nb6 Nxb6 32. Rxc5 Qb7 33. axb6 Qxb6 34. Rc8 Qb7
35. Rc6 Qb5 36. Qc2 a5 37. Bb6 Rdb8 38. Bc7 Rc8 39. Bxc8 Rxc8 40. Bxd6 Rxc6 41.
Qxc6 Bxd6 42. Rb2 1-0

[Event "I Open sub-2300 Ciudad de Albacete"]
[Site "Albacete ESP"]
[Date "2012.04.28"]
[Round "3.5"]
[White "Sanchez Botella, Luis Javier"]
[Black "Salvador Lopez, Daniel"]
[Result "1-0"]
[WhiteElo "2241"]
[BlackElo "2108"]
[PlyCount "77"]
[EventDate "2012.04.27"]
[EventType "swiss"]
[EventRounds "9"]
[EventCountry "ESP"]
[Source "lmi"]
[SourceDate "2012.04.27"]

1. Nf3 c6 2. d4 d5 3. c4 Nf6 4. Nc3 dxc4 5. a4 Bf5 6. e3 e6 7. Bxc4 Bb4 8. O-O
O-O 9. Nh4 Bg4 10. f3 Bh5 11. g4 Nd5 12. Ng2 Bg6 13. Na2 Be7 14. e4 Nb6 15. Bb3
a5 16. Be3 Na6 17. Rc1 Nb4 18. Nxb4 Bxb4 19. Qe2 Rc8 20. Rfd1 Na8 21. Nf4 Qe7
22. Qf2 Rce8 23. h4 h6 24. Nxg6 fxg6 25. Kg2 Nc7 26. Qg3 Kh7 27. Bf4 Rc8 28. h5
g5 29. Bxc7 Rxc7 30. e5 Rf4 31. Qf2 Rd7 32. Qc2+ Kh8 33. Qg6 Qf7 34. Qxf7 Rdxf7
35. Bxe6 Rf8 36. Rd3 Rd8 37. d5 c5 38. d6 Rd4 39. Rcd1 1-0